[Event "AUTO-OPEN-2001"]
[Site "http://www.queenalice.com/game.php?id=785771"]
[Date "2010.6.5"]
[Round "1"]
[White "chengo15"]
[Black "acm_chessmaster"]
[Result "0-1"]
[WhiteElo "1419"]
[BlackElo "1759"]

1. e4 e5 2. Nf3 d6 3. d4 exd4 4. Nxd4 Bd7 5. Bc4 Nc6 6. O-O Nxd4 7. Qxd4 Qf6 8.
Be3 Qxd4 9. Bxd4 Be6 10. Bxe6 fxe6 11. Nc3 a6 12. e5 dxe5 13. Bxe5 O-O-O 14. Ne4
Nh6 15. Ng5 Rd5 16. Nf3 Bd6 17. Bxg7 Rg8 18. Bxh6 Rh5 19. Be3 e5 20. c4 e4 21.
Nd2 Bxh2+ 22. Kh1 Be5+ 23. Kg1 Rh2 24. g3 Rh5 25. Nxe4 Bxb2 26. Rab1 Be5 27. f4
Bh8 28. Kg2 Ra5 29. Nc5 Rxa2+ 30. Kf3 b6 31. Ne6 Ra3 32. c5 b5 33. Ke2 Rxg3 34.
Rf3 Ra2+ 35. Bd2 Rxf3 36. Kxf3 Rxd2 37. Ke3 Rh2 38. Rd1 Bf6 39. Ke4 h6 40. c6
Rc2 0-1

[Event "AUTO-OPEN-2001"]
[Site "http://www.queenalice.com/game.php?id=785772"]
[Date "2010.6.5"]
[Round "1"]
[White "acm_chessmaster"]
[Black "chengo15"]
[Result "1-0"]
[WhiteElo "1855"]
[BlackElo "1430"]

1. e4 Nf6 2. e5 Nd5 3. d4 d6 4. exd6 cxd6 5. c4 Nb4 6. a3 N4c6 7. b4 e6 8. Nf3
Be7 9. Be2 O-O 10. O-O Qc7 11. Bf4 e5 12. dxe5 dxe5 13. Bg3 Rd8 14. Qc2 Bg4 15.
Nc3 Bxf3 16. Bxf3 Nd4 17. Qd1 Nxf3+ 18. Qxf3 Nc6 19. Nd5 Qb8 20. Nxe7+ Nxe7 21.
Rfe1 Ng6 22. h3 f6 23. Rad1 Qc7 24. Rxd8+ Rxd8 25. c5 Rd4 26. Qb3+ Kh8 27. Qa4
a6 28. Qe8+ 1-0

[Event "Challenge"]
[Site "http://www.queenalice.com/game.php?id=804505"]
[Date "2010.7.17"]
[Round "-"]
[White "chengo15"]
[Black "Vanessahermosa"]
[Result "1-0"]
[WhiteElo "1345"]
[BlackElo "1328"]

1. e4 e5 2. Nc3 Bc5 3. d3 Qf6 4. Nf3 d6 5. Be2 Bg4 6. O-O Qg6 7. h3 Bxh3 8. Ng5
Bd7 9. Bh5 Qf6 10. Nd5 Qh6 11. Qf3 g6 12. Nxf7 Qg7 13. Nxh8 Qxh8 14. Nxc7+ Kd8
15. Nxa8 gxh5 16. Qf8+ Be8 17. Bg5+ Kd7 18. Qf5+ Kc6 19. Qc8+ Kb5 20. Qxe8+ Nc6
21. Nc7+ Kb6 22. Nd5+ Ka6 23. Bf6 1-0

[Event "Challenge"]
[Site "http://www.queenalice.com/game.php?id=807102"]
[Date "2010.7.23"]
[Round "-"]
[White "chengo15"]
[Black "Vanessahermosa"]
[Result "1-0"]
[WhiteElo "1362"]
[BlackElo "1328"]

1. c4 e5 2. Nc3 Bc5 3. e3 Nh6 4. d4 exd4 5. exd4 Bd6 6. Bxh6 gxh6 7. Qg4 Qe7+ 8.
Be2 Nc6 9. Nf3 Nb4 10. O-O c6 11. Rac1 h5 12. Qxh5 Qf8 13. a3 Na6 14. Rfe1 Be7
15. d5 c5 16. Nb5 Qg7 17. Bf1 Kf8 18. d6 Bf6 19. Nc7 Nxc7 20. dxc7 1-0

[Event "Challenge"]
[Site "http://www.queenalice.com/game.php?id=807801"]
[Date "2010.7.24"]
[Round "-"]
[White "chengo15"]
[Black "Vanessahermosa"]
[Result "1-0"]
[WhiteElo "1377"]
[BlackElo "1328"]

1. d4 e6 2. c4 Bb4+ 3. Nc3 Nf6 4. a3 Bd6 5. Nf3 Ng4 6. h3 Nf6 7. e4 Be7 8. Be3
Nc6 9. Bd3 Na5 10. O-O Nh5 11. Ne5 d6 12. Nxf7 Qd7 13. Qxh5 Rf8 14. Ne5+ Kd8 15.
Nxd7 Bxd7 16. Qxa5 b6 17. Qh5 h6 18. d5 e5 19. b4 1-0

[Event "Challenge"]
[Site "http://www.queenalice.com/game.php?id=861091"]
[Date "2010.11.20"]
[Round "-"]
[White "pedroingles"]
[Black "chengo15"]
[Result "1-0"]
[WhiteElo "1714"]
[BlackElo "1241"]

1. d4 d5 2. c4 e6 3. Nc3 dxc4 4. e4 Bb4 5. Bxc4 Ne7 6. Ne2 c5 7. O-O O-O 8. a3
Ba5 9. dxc5 Nbc6 10. b4 Bc7 11. Bf4 a6 12. Qxd8 Rxd8 13. Bxc7 Rd7 14. Bd6 Rxd6
15. cxd6 Ng6 16. Rad1 Bd7 17. Na4 Nce5 18. Bb3 Rc8 19. Nc5 Nf8 20. Rc1 b6 21.
Nxa6 Nfg6 22. Rxc8+ Bxc8 23. Nc7 Bd7 24. Rd1 b5 25. Nd4 Nf4 26. Ndxb5 Ne2+ 27.
Kf1 Nf4 28. a4 Nfd3 29. a5 Nxb4 30. Ba4 Nec6 31. Nd4 e5 32. Nxc6 1-0

[Event "Challenge"]
[Site "http://www.queenalice.com/game.php?id=861092"]
[Date "2010.11.20"]
[Round "-"]
[White "chengo15"]
[Black "pedroingles"]
[Result "0-1"]
[WhiteElo "1239"]
[BlackElo "1716"]

1. e4 c5 2. Nc3 Nc6 3. Nf3 Nf6 4. Bc4 e5 5. O-O Be7 6. d3 O-O 7. Be3 d6 8. Nd5
Bg4 9. h3 Bh5 10. c3 Na5 11. Bb3 Nxb3 12. axb3 Nxd5 13. exd5 b6 14. Kh2 Bxf3 15.
Qxf3 Bg5 16. Rfe1 Bxe3 17. Rxe3 Qd7 18. Rae1 f6 19. Re4 Qb7 20. c4 f5 21. Rh4 f4
22. Qe4 g6 23. Re2 Qe7 24. Rg4 Kg7 25. h4 Rf5 26. f3 Qf6 27. Rf2 h5 28. Rg5 Rxg5
29. hxg5 Qxg5 30. Rf1 Qg3+ 0-1